|
|
|
|
| LEADER |
00000nam a2200000 a 4500 |
| 001 |
vtls008954006 |
| 003 |
SK-MaSNL |
| 005 |
20260302075654.0 |
| 007 |
co cgu muuua |
| 008 |
240313s2006 xo fsp 000 0 slo |
| 015 |
|
|
|a SNBS2007
|
| 020 |
|
|
|a 8022725579
|q (CD-ROM)
|
| 040 |
|
|
|a SNK
|b slo
|c SNK
|e AACR2
|
| 041 |
0 |
|
|a slo
|
| 044 |
|
|
|a xo
|c SK
|
| 072 |
|
7 |
|a 556
|x Hydrológia
|2 konspekt
|
| 080 |
|
|
|a 556.5
|2 2001
|
| 080 |
|
|
|a 627
|2 2001
|
| 080 |
|
|
|a (07)
|2 2001
|
| 080 |
|
|
|a (0.034.44)
|2 2001
|
| 100 |
1 |
|
|a Kamenský, Jozef,
|d 1941-2015
|4 aut
|9 7718
|
| 245 |
1 |
0 |
|a Celoživotné vzdelávanie v stavebníctve a geodézii
|n Kurz č. 22 - časť 1
|p Hydraulika otvorených korýt
|h elektronický zdroj
|c Ján Kamenský
|
| 246 |
3 |
0 |
|a Hydraulika otvorených korýt
|
| 256 |
|
|
|a Textové dáta (vo formáte pdf)
|
| 260 |
|
|
|a Bratislava
|b Slovenská technická univerzita
|c 2006
|
| 300 |
|
|
|a 1 elektronický optikcký disk (CD-ROM)
|c 12 cm
|
| 538 |
|
|
|a Technické požiadavky: Adobe Reader 6.0
|
| 650 |
0 |
7 |
|a hydrológia povrchových vôd
|2 SNKPH
|9 83644
|
| 650 |
0 |
7 |
|a hydraulika
|2 SNKPH
|9 20899
|
| 655 |
|
7 |
|a CD-ROM
|2 SNKPH
|9 70236
|
| 655 |
|
7 |
|a učebné texty
|2 SNKPH
|9 70568
|
| 919 |
|
|
|a 80-227-2557-9
|
| 999 |
|
|
|c 1170121
|d 1172051
|
| 952 |
|
|
|a SNK
|b SNK
|y PREZ
|7 0
|p 17A0543313
|o snkSCDM 1273/1
|i snk2007/6773
|8 0
|0 0
|1 0
|4 0
|d 2007-03-12
|l 0
|r 2026-02-24 21:01:19
|w 2026-02-24
|
| 952 |
|
|
|a SNK
|b SNK
|y PREZ
|7 0
|p 17A0543308
|o snkSCDM 1273/1 D1
|i snk2007/6774
|8 0
|0 0
|1 0
|4 0
|d 2007-03-12
|l 0
|r 2026-02-24 21:01:19
|w 2026-02-24
|